|
|
|
|
| LEADER |
00000nab a2200000 a 4500 |
| 001 |
vtls000921259 |
| 003 |
SK-MaSNL |
| 005 |
20260305010239.0 |
| 008 |
040720e19960126xo 0 slo |
| 035 |
|
|
|a KE30136
|
| 040 |
|
|
|a KEVKJB
|b slo
|c KEVKJB
|e AACR2
|
| 041 |
0 |
|
|a slo
|
| 044 |
|
|
|a xo
|c SK
|
| 080 |
|
|
|a 621.397.61
|2 1981
|
| 100 |
0 |
|
|a (SV-mb)
|4 aut
|9 1585467
|
| 245 |
1 |
0 |
|a Výročie založenia košického televízneho štúdia
|
| 518 |
|
|
|a 25.1.1996
|
| 610 |
2 |
7 |
|a Televízne štúdio,Košice
|2 KEVKJB
|9 1585468
|
| 650 |
0 |
7 |
|a prostriedky masovokomunikačné
|2 KEVKJB
|9 930774
|
| 650 |
0 |
7 |
|a televízia
|2 KEVKJB
|9 16407
|
| 650 |
0 |
7 |
|a tlačové besedy
|2 KEVKJB
|9 29175
|
| 650 |
0 |
7 |
|a informácie
|2 KEVKJB
|9 1285
|
| 651 |
|
7 |
|a Košice (Slovensko)
|2 KEVKJB
|9 18694
|
| 651 |
|
7 |
|a KE,
|2 KEVKJB
|9 877256
|
| 655 |
|
7 |
|a periodikum
|2 snkbucl
|9 29553
|
| 710 |
2 |
|
|a Slovenská televízia.
|b Televízne štúdio Košice
|4 aut
|9 31266
|
| 773 |
0 |
8 |
|t Slovenský východ
|g Roč. 6
|g Roč. 20, č.21, 26.1.1996, s. 2
|
| 852 |
|
|
|a ZVYKNI
|b KIS3GCP
|
| 999 |
|
|
|c 3245621
|d 3247551
|